| 000 | 00412 a2200133 4500 | ||
|---|---|---|---|
| 001 | 92526 | ||
| 082 | _aPR 2560 | ||
| 090 |
_c44499 _d44500 |
||
| 100 | _aShakir Hussain Chaudhry; Prof Ali Sarosh and Sohail Ahmed (Advisors) | ||
| 245 |
_aDesign Optimization of Structure Sub-system (STS) of PNSSP- Cube Sattellite _n79 "A" EC |
||
| 260 |
_aIslamabad _bNUST _c2015 |
||
| 300 | _a89p. | ||
| 500 | _aBE Project Report | ||
| 942 |
_aCAE NUST _kPR 2560 |
||
| 999 |
_c327599 _d327599 |
||